00450nam a2200157Ia 450000500170000000800410001708200210005810000180007924500830009726000550018030000120023565000130024765000120026065000100027265000100028220250324015858.0240331s9999 xx 000 0 und d a303.4bSHA23004 aShahani, L. R 0aMoral Imperatives of National Renewal:bReadings on the Moral Recovery Program aManila,bRepublic of the Philippines, Senatec1993 a108 p., aMorality aSociety aWomen aChild